000 00436nam a2200181Ia 4500
001 22685
005 20260414150847.0
008 260414t2006||||xx |||||||||||||| ||spa||
041 _aESP
082 _a621.3841
_bH41
100 _aHernando Rábanos, José María
_eAUT
245 0 _aTransmisión por radio
_b
260 _c2006
300 _a649 páginas :
_c24 cm.
650 _aTCA
654 _aCET
942 _cLIB
_dJUS
_fJUS
_2ddc
_n
999 _c22685
_d22685